00657nam a2200193Ia 4500003000900000008004100009040001600050080001500066100002400081245008600105250001300191260003700204300002300241650003000264650001500294942000700309999001700316952013000333IN-BaIIA211028s9999 xx 000 0 eng d cIIA Library a519.6bSHA aSharma, S. D921629 0aOperations researchcS. D. Sharma  a11th ed. aMeerutbKedar Nath Ramnathc1997 a[various pagings.] aOperations research91657 aStatistics cBK c12371d12371 00104070aBANbBANcGENd1998-01-13eANJ g225.00l0o519.6/ SHAp13287r2021-11-05v225.00w1998-01-13yBKGRs. 225.00